Entry Personal Name
Number of records used in: 1
001 - CONTROL NUMBER
003 - CONTROL NUMBER IDENTIFIER
005 - DATE AND TIME OF LATEST TRANSACTION
- control field:
20200127142741.0
008 - FIXED-LENGTH DATA ELEMENTS
- fixed length control field:
800424n| azannaabn |n aaa c
010 ## - LIBRARY OF CONGRESS CONTROL NUMBER
- LC control number:
n 80037899
035 ## - SYSTEM CONTROL NUMBER
- System control number:
(OCoLC)oca00419997
035 ## - SYSTEM CONTROL NUMBER
- System control number:
(CaEvSKY)skya1497817
040 ## - CATALOGING SOURCE
- Original cataloging agency:
DLC
- Language of cataloging:
eng
- Description conventions:
rda
- Transcribing agency:
DLC
- Modifying agency:
IEN
- Modifying agency:
MX-MoT
046 ## - SPECIAL CODED DATES
- Birth date:
1943-06-11
- Source of date scheme:
edtf
100 1# - HEADING--PERSONAL NAME
- Personal name:
Matteson, Michael T.
373 ## - ASSOCIATED GROUP
- Associated group:
University of Houston
- Associated group:
C.T. Bauer College of Business
- Source of term:
naf
375 ## - GENDER
- Gender:
Males
- Source of term:
lcdgt
377 ## - ASSOCIATED LANGUAGE
670 ## - SOURCE DATA FOUND
- Source citation:
His Contemporary personnel management, 1972.
670 ## - SOURCE DATA FOUND
- Source citation:
Info. converted from 678, 2012-10-02
- Information found:
(b. 6/11/43)
670 ## - SOURCE DATA FOUND
- Source citation:
Organizational behavior and management, ©2018:
- Information found:
title page (Michael T. Matteson; Professor Emeritus Organizational Behavior and Management, C. T. Bauer College of Business, University of Houston) page v (Ph.D. in industrial psychology from the University of Houston)